000 00974nam a2200301Ia 4500
003 CO-BoRNBP
005 20230904171041.0
008 121119s2003 ck gr 000 0 spa
020 _a958047141X
040 _aCO-BoRNBP
_bspa
_erda
_cCO-BoRNBP
041 1 _aspa
082 0 4 _222
_a891.73 T654mu
100 1 _aTolstoi, León
_d1828-1910
_96372
245 1 3 _aLa muerte de Iván Ilich
_cLeón Tolstoi ; traducción de Irene y Laura Andrescu
250 _aSegunda edición
264 _aBogotá
_bNorma
_c2003
300 _a73, 102 páginas
_c21 cm
336 _atexto
_btxt
_2rdacontent
337 _asin mediación
_bn
_2rdamedia
338 _avolumen
_bnc
_2rdacarrier
501 _aCon : Leon Tolstoi : vida y obra
650 1 4 _aFamilia
_zRusia
_vCuentos
_2LEMB
_933438
650 1 4 _aNovela rusa
_2LEMB
_97790
650 1 4 _aLiteratura rusa
_2LEMB
_94310
700 1 _aAndrescu, Irene
_etraductor
_933439
700 1 _aAndrescu, Laura
_etraductor
_933440
942 _2ddc
_cBKLIT
999 _c261
_d261